000 00672nam a22002177a 4500
999 _c6962
_d6962
003 OSt
005 20210519111953.0
008 210519b ||||| |||| 00| 0 eng d
020 _a0801886120
040 _cNLM
082 _aW50 E31e 2007
100 _a Eckenwiler, Lisa A. ; Cohn,Felicia G.
_914275
245 _aThe Ethics of Bioethics :
_bMapping the Moral Landscape
260 _aBaltimore :
_bJohns Hopkins University Press,
_c 2007
300 _axxx, 320 p. ;
_c23 cm
504 _aIncludes bibliographical references and index
650 _aMedical ethics
_91970
650 _aBioethics
_914053
650 _aProfessional ethics
_914274
942 _2z
_cBOOK